|
|
|
|
| LEADER |
00000nab a2200000 a 4500 |
| 001 |
vtls001520147 |
| 003 |
SK-MaSNL |
| 005 |
20260304144109.0 |
| 008 |
250505c2004 xo zr|p|||||||000 b|slo |
| 015 |
|
|
|a SNBRB2005/03
|2 snkbucl
|
| 035 |
|
|
|a (uuid)f6917363-ac37-4f48-9117-4e2a56669649
|
| 035 |
|
|
|a urn:nbn:sk:snk-ab248d
|
| 035 |
|
|
|a (urnnbn)urn:nbn:sk:snk:ar-a01kyu
|
| 038 |
|
|
|a SNKBUCL
|
| 040 |
|
|
|a SNKBUCL
|b slo
|c SNKBUCL
|e AACR2
|
| 041 |
0 |
|
|a slo
|
| 044 |
|
|
|a xo
|c SK
|
| 080 |
|
|
|a 623.442.6.01
|2 UDC-MRF-SK2
|
| 080 |
|
|
|a 639.1.081.18
|2 UDC-MRF-SK2
|
| 100 |
1 |
|
|a Junáč, Štefan
|4 aut
|9 1405032
|
| 245 |
1 |
0 |
|a Pažby poľovníckych zbraní
|n II
|c Štefan Junáč
|
| 300 |
|
|
|b Obr., sch.
|
| 650 |
0 |
7 |
|a poľovnícke zbrane
|2 snkbucl
|9 69014
|
| 650 |
0 |
7 |
|a pažby
|2 snkbucl
|9 993389
|
| 773 |
0 |
|
|t Zbrane, strelci a lovci
|g Roč. V, č. 6 (2004), s. 114-115
|x 1335-5740
|
| 850 |
|
|
|a Slovenská národná knižnica
|
| 852 |
|
|
|a Slovenská národná knižnica
|
| 958 |
|
|
|a article27
|
| 958 |
|
|
|a OND
|
| 958 |
|
|
|a EUIPO
|
| 999 |
|
|
|c 2929366
|d 2931296
|